000 00556nmm a2200193Ia 4500
008 251105s9999||||xx |||||||||||||||||und||
020 _a9788415130215
041 _aspa
100 _aGibbons, Stella
245 0 _aWestwood
264 _a[Madrid, España] :
_bImpedimenta,
_c[Fecha de publicación no identificada]
300 _a460 páginas
650 _aEnglish Narrative
700 _aGibbons, Stella
700 1 _a Naranjo, Laura
700 1 _a Torres García, Carmen
856 _uhttps://public.digitaliapublishing.com/a/87173
942 _cCF
999 _c66093
_d66093